<?xml version="1.0" encoding="UTF-8"?>
<record
    xmlns:xsi="http://www.w3.org/2001/XMLSchema-instance"
    xsi:schemaLocation="http://www.loc.gov/MARC21/slim http://www.loc.gov/standards/marcxml/schema/MARC21slim.xsd"
    xmlns="http://www.loc.gov/MARC21/slim">

  <leader>05696nam a2200349 a 4500</leader>
  <controlfield tag="001">ebr10080957</controlfield>
  <controlfield tag="003">CaPaEBR</controlfield>
  <controlfield tag="006">m        u        </controlfield>
  <controlfield tag="007">cr cn|||||||||</controlfield>
  <controlfield tag="008">020920s2002    enka    sb    001 0 eng d</controlfield>
  <datafield tag="010" ind1=" " ind2=" ">
    <subfield code="z">  2002512166</subfield>
  </datafield>
  <datafield tag="015" ind1=" " ind2=" ">
    <subfield code="a">GBA2-Y6346</subfield>
  </datafield>
  <datafield tag="020" ind1=" " ind2=" ">
    <subfield code="z">9781412932509</subfield>
  </datafield>
  <datafield tag="020" ind1=" " ind2=" ">
    <subfield code="z">0761974040</subfield>
  </datafield>
  <datafield tag="020" ind1=" " ind2=" ">
    <subfield code="z">0761974059 (PBK.)</subfield>
  </datafield>
  <datafield tag="040" ind1=" " ind2=" ">
    <subfield code="a">CaPaEBR</subfield>
    <subfield code="c">CaPaEBR</subfield>
  </datafield>
  <datafield tag="035" ind1=" " ind2=" ">
    <subfield code="a">(OCoLC)70774198</subfield>
  </datafield>
  <datafield tag="050" ind1="1" ind2="4">
    <subfield code="a">HF5549</subfield>
    <subfield code="b">.J256 2002eb</subfield>
  </datafield>
  <datafield tag="082" ind1="0" ind2="4">
    <subfield code="a">658.3</subfield>
    <subfield code="2">21</subfield>
  </datafield>
  <datafield tag="100" ind1="1" ind2=" ">
    <subfield code="a">Jackson, T. H.</subfield>
    <subfield code="q">(Terence Hugh)</subfield>
  </datafield>
  <datafield tag="245" ind1="1" ind2="0">
    <subfield code="a">International HRM</subfield>
    <subfield code="h">[electronic resource] :</subfield>
    <subfield code="b">a cross-cultural approach /</subfield>
    <subfield code="c">Terence Jackson.</subfield>
  </datafield>
  <datafield tag="260" ind1=" " ind2=" ">
    <subfield code="a">London ;</subfield>
    <subfield code="a">Thousand Oaks, Calif. :</subfield>
    <subfield code="b">SAGE,</subfield>
    <subfield code="c">2002.</subfield>
  </datafield>
  <datafield tag="300" ind1=" " ind2=" ">
    <subfield code="a">xii, 252 p. :</subfield>
    <subfield code="b">ill.</subfield>
  </datafield>
  <datafield tag="504" ind1=" " ind2=" ">
    <subfield code="a">Includes bibliographical references (p. [231]-247) and index.</subfield>
  </datafield>
  <datafield tag="505" ind1="8" ind2=" ">
    <subfield code="a">Machine generated contents note: Introduction: Beyond Human Resource Management 1 1. The Cross-Cultural Organization: The Multicultural Model 13 Swedish culture and people management - IKEA: managing cultural differences - The multicultural model - Cultural values - Other cultural dimensions - Some reflections on the cross-cultural organization - Spanish culture and work values - People management in Spain - IKEA in Spain - Implications for managers - An agenda for research. 2. The Strategic Organization: The Supranational Model 37 French culture and people management - Credit Lyonnais: the internationalization process - The supranational model - Strategies for international organizations - Integration and differentiation - Perlmutter's model - Implications for human resource management policy - An integrated strategic framework - Credit Lyonnais revisited - Implications for managers - An agenda for research. 3. The Competent Organization: The American Model 59 Andersen Consulting (Europe) - The American model - Why American theories might not apply abroad - Parochialism and universality - Management competences approach - European and international competences - The cultural regard for managers and their competences - Different degrees of internationalization of companies - Problems inherent within the competences model - Implications for managers: selection of managers and key staff - An agenda for research. 4. The Missionary Organization: The Dutch Model 81 The Dutch model: the missionary spirit - An American company in the Netherlands - Royal Dutch/Shell - Why expatriation? A strategic perspective - Is expatriation problematic? - Choosing expatriates - Acculturation - Why expatriation? The career perspective - Cultural factors in international career choice - Women and expatriation - Other cultural factors in international career choice - Implications for managers - An agenda for research. 5. The Motivating Organization: The Japanese Model 107 Corporate commitment - Task, job, career and organizational incentives - Needs, satisfaction and culture - The Japanese model and Matsushita - Japanese people management and Sumitomo Metal Industries - Do Japanese people management work techniques work outside Japan? Chiba International - Implications for managers: reward systems across cultures - An agenda for research. 6. The Learning Organization: The British Model 127 The British model - British management culture - British Petroleum - Action learning and the experiential approach - Transferability across cultures - The organizational learning concept - Training and development within a total model - From learning to knowledge: from Britain to Japan - Implications for managers: potential cross-cultural problems with the learning organization concept - An agenda for research: the cross-cultural challenge. 7. The Flexible Organization: The European Union Model 147 The European model - Digital Equipment Corporation (Europe) - The context of management and organizations in Europe - A European model of people management - Organization and work flexibility - Implications for managers: revisiting DEC (Europe) - An agenda for research. 8. The Joint Venture Organization: The Chinese Model 163 With Peter Xu Lu* The Blue Sword Group - Chinese work values - International joint ventures in China - Motivation and reward systems in Chinese international joint ventures - Implications for the management of joint ventures - An agenda for research. 9. The Transitioning Organization: The Post-Soviet Model 183 The post-Soviet model - Volkswagen-Skoda joint venture - German people management - Soviet management and organization - Soviet management in East Germany - Soviet personnel management - Post-Soviet people management - People management in the Czech Republic - Implications for managers: Western companies in Russia - An agenda for research. 10. The Stakeholder Organization: The Post-Colonial Model 203 The post-colonial model - People management in South Africa - Eskom - AECI Explosives Ltd - Germiston City Council - African people management - Indian people management - Culture and Indian managers - Indian management responses to liberalization - Implications for managers: indigenous knowledge and the stakeholder approach - An agenda for research: post-colonialism and hybridization. 11. Conclusion: The Future Organization 223.</subfield>
  </datafield>
  <datafield tag="533" ind1=" " ind2=" ">
    <subfield code="a">Electronic reproduction.</subfield>
    <subfield code="b">Palo Alto, Calif. :</subfield>
    <subfield code="c">ebrary,</subfield>
    <subfield code="d">2013.</subfield>
    <subfield code="n">Available via World Wide Web.</subfield>
    <subfield code="n">Access may be limited to ebrary affiliated libraries.</subfield>
  </datafield>
  <datafield tag="650" ind1=" " ind2="0">
    <subfield code="a">Personnel management</subfield>
    <subfield code="v">Cross-cultural studies.</subfield>
  </datafield>
  <datafield tag="650" ind1=" " ind2="0">
    <subfield code="a">Personnel management.</subfield>
  </datafield>
  <datafield tag="655" ind1=" " ind2="7">
    <subfield code="a">Electronic books.</subfield>
    <subfield code="2">local</subfield>
  </datafield>
  <datafield tag="710" ind1="2" ind2=" ">
    <subfield code="a">ebrary, Inc.</subfield>
  </datafield>
  <datafield tag="856" ind1="4" ind2="0">
    <subfield code="u">http://site.ebrary.com/lib/rucke/Doc?id=10080957</subfield>
    <subfield code="z">An electronic book accessible through the World Wide Web; click to view</subfield>
  </datafield>
  <datafield tag="999" ind1=" " ind2=" ">
    <subfield code="c">157874</subfield>
    <subfield code="d">157874</subfield>
  </datafield>
</record>
